| 000 | 00723nam a2200241Ia 4500 | ||
|---|---|---|---|
| 005 | 20260121112054.0 | ||
| 008 | 3086 260114s9999 xx 000 0 eng d | ||
| 020 | _a9789811228216 | ||
| 037 | _aEBOOK | ||
| 040 |
_aCRL _beng _cCRL |
||
| 041 |
_aeng _2eng |
||
| 084 | _qCRL | ||
| 100 |
_aHenneaux Marc Et Al _9951795 |
||
| 245 | 0 | _aComputational Modeling: from Chemistry to Materials to Biology - Proceedings of the 25Th Solvay Conference on Chemistry | |
| 260 | _bWorld Scientific | ||
| 260 | _bWSPC | ||
| 260 | _c2020 | ||
| 650 |
_aMaterials Science _9951796 |
||
| 856 | _uhttps://www.worldscientific.com/worldscibooks/10.1142/12039#t=toc | ||
| 942 | _cEBOOK | ||
| 999 |
_c1540386 _d1540386 |
||